00362nam a2200157Ia 4500001000500000005001700005008004100022041000800063082001300071100003600084245003100120260000900151300002800160650000800188654000800196327520260306144909.0260306t2012||||xx |||||||||||||| ||spa|| aESP a263bC17 aCalvo Ariño, MaximilianoeAUT 0aEntre la penumbra y la luz c2012 a180 páginas :c20 cm. aGEN aCHU